Find the Backward Capitals Quiz Stats

 Plays Quiz Updated Jul 24, 2017

Challenge
Share
Tweet
Embed
Score 0/10 Timer 02:00
1 Play Today
% Correct
TABAR
57.2%
LUBAK
57.1%
BERGAZ
55.5%
OBALAM
52.4%
AIPA
48.6%
WASRAW
48.6%
URESAM
47.4%
OLSO
44.9%
AJUBA
40.1%
YEMAIN
36.1%

You're not logged in!

Compare scores with friends on all Sporcle quizzes.
OR
Log In

You Might Also Like...

Show Comments

Extras

Top Quizzes Today


Score Distribution

Your Account Isn't Verified!

In order to create a playlist on Sporcle, you need to verify the email address you used during registration. Go to your Sporcle Settings to finish the process.

Report this User

Report this user for behavior that violates our Community Guidelines.

Details: